000 00477nam a22001337a 4500
999 _c4667
_d4667
008 161122b xxu||||| |||| 00| 0 eng d
020 _a0-8213-1845-4
082 _a333.73 WOR
245 _aEnvironmental Assessment Sourcebook:
_bGuidelines for Environmental Assessment of Energy and Industry Projects/
_cThe World Bank.-
_hEnglish.
260 _aWashington, D.C.:
_bThe World Bank,
_c1991.
300 _a237p.;
_c28cm.-
650 _2Economics of land & energy
942 _2ddc
_cBOOKS